| 000 | 01489nam0a22003131 4500 | ||
|---|---|---|---|
| 001 | rc\3009211 | ||
| 005 | 20250806200951.0 | ||
| 035 | _a(NLR Aleph) 007151858 | ||
| 090 |
_a54108 _c54108 |
||
| 100 | _a20110922d1942 u y0rusy50 ca | ||
| 101 | 0 | _arus | |
| 102 | _aRU | ||
| 105 | _aa z ||||| | ||
| 200 | 1 |
_aОсновные осложнения при травмах и ранениях головного мозга и их лечение _fпроф. Л.Я. Шаргородский _gПод общ. ред. доц. Б.И. Берлинера (отв. ред.), проф. Л.Я. Шаргородского (зам. отв. ред.), засл. деят. науки проф. М.И. Слонима ... [и др.] |
|
| 210 |
_aТашкент _cТашМИ _d1942 |
||
| 215 |
_a28, [3] с. _cил. _d22 см |
||
| 225 | 1 |
_aВ помощь военному врачу _fНаркомздрав УзССР. Ташкент. мед. ин-т им. В.М. Молотова |
|
| 700 | 1 |
_aШаргородский _bЛ.Я. _f1896- _gЛев Яковлевич |
|
| 702 | 1 |
_aБерлинер _bБ.И. _4340 |
|
| 702 | 1 |
_aШаргородский _bЛ.Я. _4340 |
|
| 702 | 1 |
_aСлоним _bМ. И. _f1875-1945 _gМоисей Ильич _3RU\NLR\AUTH\770267751 _4340 |
|
| 801 | 0 |
_aRU _bNLR _gpsbo |
|
| 801 | 1 |
_aRU _bELAR _2rusmarc |
|
| 852 |
_aNLR _jМд50 Г-4/14 |
||
| 942 | _cBOOK | ||
| 945 | _aРоссийская национальная библиотека | ||
| 980 | _aNB | ||
| 980 | _aBV | ||